| 000 | 01178nam a22003257a 4500 | ||
|---|---|---|---|
| 003 | CHAP | ||
| 005 | 20230613062623.0 | ||
| 008 | 100415s2004 fr r 00010 eng d | ||
| 010 | _a98132 | ||
| 011 | _a99104 | ||
| 020 | _a9264006427 | ||
| 035 | _a109789 | ||
| 040 | _cCHAP | ||
| 082 | 0 | 4 |
_a375.04945 _bOc19 |
| 110 | 2 |
_aOrganización para la Cooperación y el Desarrollo Económicos. París _983559 |
|
| 245 | 1 | 0 |
_aProblem solving for tomorrow's world : _bfirst measures of cross-curricular competencies from PISA 2003 _c/by Organización para la Cooperación y el Desarrollo Económicos |
| 260 |
_aParis : _bOECD, _c2004 |
||
| 300 |
_a159 p. : _bdiagramas, tablas |
||
| 590 |
_aBATCH-UPD _b10 _c20130110 _lUCH01 _h0935 |
||
| 590 |
_aBATCH-UPD _b10 _c20130410 _lUCH01 _h0553 |
||
| 590 |
_aBATCH-UPD _b10 _c20130914 _lUCH01 _h1044 |
||
| 590 |
_aCONVERSION _b10 _c20130109 _lUCH01 _h1354 |
||
| 650 | 1 | 7 |
_aCooperación internacional _2 _927771 |
| 650 | 1 | 4 |
_aEducación _xPlanes de estudio. _935474 |
| 650 | 1 | 4 |
_aEstudio y enseñanza. _938511 |
| 901 | _aBK | ||
| 911 | _aen proceso | ||
| 942 | _cLIBRO | ||
| 949 |
_a375.0945 Oc19 _bBC _cLIBRO _d33724002124637 _eLIBRO _h112270 _i109789 _sb |
||
| 999 |
_c98132 _d98132 |
||